Statistics for Guardians of the Galaxy Quiz

Click here to take the quiz!

General Stats

  • This quiz has been taken 59 times
  • The average score is 7 of 8

Answer Stats

DescriptionCharacter% Correct
The leader of the Guardians; he has his own ship called The MilanoStar Lord/Peter Quill
100%
Above's partner; she was a daughter of Thanos and later rebelled against himGamora
98%
"The Destroyer"; his whole family was killed by ThanosDrax
94%
"I AM _____!"Groot
94%
Became a member in Vol. 2; she can read minds and make people feel certain emotionsMantis
90%
No. 1's biological father; he is the embodiment of a planetEgo
85%
The leader of the Kree Empire; he attempted to destroy the nova corpsRonin
63%
No. 1's adopted father; the leader of the ravagersYondu Udonta
33%

Score Distribution

Percentile by Number Answered

Percent of People with Each Score

Your Score History

You have not taken this quiz